01456nam a2200361 a 4500001001200000003000800012006001900020007001500039008004100054010001700095020001800112020001500130020003100145020002800176040002100204035002100225050002300246082001800269100002700287245017100314260004400485300002800529490005200557504005200609533015200661650003000813655002900843700002100872710001700893830004100910856012600951999001701077ebr10233394CaPaEBRm u cr cn|||||||||080321s2008 dcuab sb i000 0 eng  z 2008013192 z9780821374818 z0821374818 z9780821374825 (electronic) z0821374826 (electronic) aCaPaEBRcCaPaEBR a(OCoLC)32032584414aTJ808b.V83 2008eb04a333.79/152221 aAvato, Patrick,d1979-10aAccelerating clean energy technology research, development, and deploymenth[electronic resource] :blessons from non-energy sectors /cPatrick Avato, Jonathan Coony. aWashington, D.C. :bWorld Bank,cc2008. axv, 72 p. :bill., map.1 aWorld Bank working paper,x1726-5878 ;vno. 138 aIncludes bibliographical references (p. 69-72). aElectronic reproduction.bPalo Alto, Calif. :cebrary,d2013.nAvailable via World Wide Web.nAccess may be limited to ebrary affiliated libraries. 0aRenewable energy sources. 7aElectronic books.2local1 aCoony, Jonathan.2 aebrary, Inc. 0aWorld Bank working paper ;vno. 138.40uhttp://site.ebrary.com/lib/rucke/Doc?id=10233394zAn electronic book accessible through the World Wide Web; click to view c38110d38110